Imiona Postaći Marvela Według Nazwiska - Statystyki

Ogólne statystyki
  • Ten quiz został rozwiązany 83 razy
  • Średni wynik to 6 z 11
Statystyki odpowiedzi
Imię Nazwisko Postać Postawa % Poprawnych
Peter Parker Spider-Man Bochater
99%
Tony Stark Iron-Man Bochater
97%
Bruce Banner Hulk Bochater
75%
Scott Lang Ant-Man Bochater
63%
Steven Rogers Kapitan Ameryka Bochater
58%
Loki Laufeyson Loki Złodziej
56%
Wade Wilson Deadpool Bochater
45%
Otto Gunther Octavius Dr.Octavius Złodziej
41%
Norman Osborn Zielony Goblin Złodziej
39%
James Howlett Wolverine Bochater
31%
Edward Brock Venom (2008) Złodziej
20%
Nie znaleziono quizów pasujących do podanych kryteriów
Rozkład punktacji
Procent ludzi z każdym wynikiem
Percentyl według liczby udzielonych odpowiedzi
Twoja historia wyników
Nie rozwiązałeś tego quizu